01705nam a22001817a 450000500170000000800410001702000180005805000200007610000030009624500420009925000110014126000460015230000380019850000430023650512080027970000160148770000200150320230619113355.0230619b ||||| |||| 00| 0 eng d a9780077161149 aHG4521.B56(10e)  aInvestments /cZvi Bodie ... [et al.] a10 ed. aNew York :bMcGraw-HIll Education,c2014. axxviii, 1014 p. :bill. ;c26 cm. aInclude reference, glossary and index. aContents: Part I: Introduction: The investment environment -- Asset classes and financial instruments -- How securities are traded -- Mutual funds and other investment companies -- Part II: Portfolio theory and practice: Risk, return, and the historical record -- Capital allocation to risky assets -- Optimal risky portfolios -- Index models -- Part III: Equilibrium in capital markets: The capital asset pricing model of risk and return -- The efficient market hypothesis -- Behavioral finance and technical analysis -- Empirical evidence on security return -- Part IV: Fixed-income securities: Bond prices and yields -- The term structure of internet rates -- Managing bond portfolios -- Part V: Security analysis: Macroeconomic and industry analysis -- Equity valuation models -- Financial statement analysis -- Part VI: Options, futures, and other derivatives: Options markets: introduction -- Option valuation -- Future markets -- Futures, swaps, and risk management -- Part VII: Applied portfolio management: Portfolio performance evaluation -- International diversification -- Hedge funds -- The theory of active portfolio management -- Investment policy and the framework of the CFA Institute. aKane, Alex. aMarcus, Alan J.